Μίεζα νεκροταφείο υστεροαρχαϊκων-πρώιμων ελληνιστικών χρόνων

Αποθηκεύτηκε σε:
Λεπτομέρειες βιβλιογραφικής εγγραφής
Κύριος συγγραφέας: Ρωμιοπούλου, Κατερίνα
Άλλοι συγγραφείς: Τουράτσογλου, Γιάννης
Μορφή: Βιβλίο
Γλώσσα:Greek
Δημοσίευση: Αθήνα : Υπουργείο Πολιτισμού, Ταμείο Αρχαιολογικών Πόρων και Απαλλοτριώσεων, 2002
Σειρά:Δημοσιεύματα του αρχαιολογικού δελτίου ; ; 83
Θέματα:
Ετικέτες: Προσθήκη ετικέτας
Δεν υπάρχουν, Καταχωρήστε ετικέτα πρώτοι!

MARC

LEADER 00000cam a2200000 i 4500
001 1/53292
008 070830s2002 gre d
020 |a 960-214-023-2 
035 |l 10090247 
040 |a GR-MY-UA  |b gre  |e aacr 
041 0 |a gre 
082 0 |a 913.81  |2 (22) 
100 1 |a Ρωμιοπούλου, Κατερίνα. 
245 1 0 |a Μίεζα νεκροταφείο υστεροαρχαϊκων-πρώιμων ελληνιστικών χρόνων /  |c Κ. Ρωμιοπούλου, Γ. Τουράτσογλου 
260 |a Αθήνα :   |b Υπουργείο Πολιτισμού, Ταμείο Αρχαιολογικών Πόρων και Απαλλοτριώσεων,   |c 2002 
300 |a 136 σ.  |b εικ.  |e 28 εκ. 
490 1 |a Δημοσιεύματα του αρχαιολογικού δελτίου  |v ; 83 
504 |a Περιλαμβάνει βιβλιογραφίες και ευρετήριο 
650 0 |a Tombs  |z Greece  |z Naousa (Emathia) 
650 0 |a Excavations (Archaeology)  |z Greece  |z Naousa (Emathia) 
700 1 |a Τουράτσογλου, Γιάννης. 
830 0 |a Δημοσιεύματα του αρχαιολογικού δελτίου ;  |v ; 83 
852 |a INST  |b RHODES  |e 20070830  |h 913.81 ΡΩΜ  |p 005400026108  |q 005400026108  |t BK  |y 0 
901 |a BIBL4-2007-2 
909 |a Ρ  |b 136118 
922 |a 4ΕΛΗ  |b 200707  |c ΕΠΕΑΕΚ2/ΤΜΣ  |d Σ. ΠΑΤΑΚΗΣ 
970 |a ΜΙΣΣΟΣ  |b ΣΤΑΥΡΟΣ  |z 2007/08/30